Statistics for Most Populated Countries Containing 'R'

Click here to take the quiz!

General Stats

  • This quiz has been taken 263 times
  • The average score is 16 of 20

Answer Stats

PopulationCountry% Correct
146 mil.Russia
98%
205 mil.Brazil
97%
81 mil.Germany
94%
67 mil.France
92%
43 mil.Argentina
90%
183 mil.Nigeria
89%
23 mil.Australia
86%
39 mil.Algeria
85%
54 mil.South Africa
85%
78 mil.Iran
83%
77 mil.D.R. Congo
82%
77 mil.Turkey
82%
36 mil.Iraq
78%
31 mil.Peru
78%
51 mil.South Korea
77%
32 mil.Saudi Arabia
74%
33 mil.Morocco
73%
42 mil.Ukraine
68%
25 mil.North Korea
66%
53 mil.Burma
60%

Score Distribution

Percentile by Number Answered

Percent of People with Each Score

Your Score History

You have not taken this quiz